000 00546cam a2200193 a 4500
001 000008068
005 20200929154422.0
008 930611s1991 sp 001 0 spa d
020 _a8435094022
040 _aDO-SdBNP
_dBNPHU
082 _a863.64
_bO58c
100 1 _aOnaindia, Mario,
_d1948-2003
_921976
245 1 0 _aCuentos nocturnos /
_cMario Onaindia.
260 _aBarcelona :
_bEdhasa,
_c1991.
300 _a115 p. ;
_c19 cm.
650 4 _aNovela española
_91123
650 4 _aLiteratura española
_9632
910 _aCatalogación derivada
999 _c7845
_d7845